| 000 | 01253nam a2200241 a 4500 | ||
|---|---|---|---|
| 001 | 000047722 | ||
| 005 | 20260212111435.0 | ||
| 008 | 081117s2015 dr l o001 0 spa d | ||
| 040 |
_aDO-SdBNP _bspa _cBNPHU |
||
| 082 |
_a344.729302 _bR426reg, 2015 |
||
| 110 | 1 |
_aRepública Dominicana. _9447 |
|
| 240 | 1 | 0 | _a[Reglamentos,etc.] |
| 245 | 1 | 0 |
_aReglamento del régimen subsidiado modificado : _baprobado mediante resolución del CNSS no. 29-06 d/f 29/03/12, decreto no. 136-13 d/f 02/10/13. |
| 260 |
_aSanto Domingo : _bCNSS, _c2015. |
||
| 300 |
_a59 p. ; _c22 cm. |
||
| 505 | 0 |
_aIntroducción -- _tAspectos generales -- _tBeneficiarios y prestaciones -- _tDecretos y deberes -- _tTraspasos de regímenes de financiamientos -- _tFinanciamiento del régimen subcidiado -- _tSeguro familiar de salud del régimen subsidiado -- _tSeguro de vejez, discapacidad y sobrevivencia del régimen subsidiado -- _tBeneficiarios y prestaciones. |
|
| 590 | _aInventariado, 2018/VM | ||
| 650 | 4 |
_aSeguridad social _xLegislación _zRepública Dominicana _914351 |
|
| 650 | 0 |
_aLegislación social _91149 |
|
| 650 | 0 |
_aPensiones _944832 |
|
| 650 | 4 |
_aPolítica social _zRepública Dominicana _911024 |
|
| 710 | 2 |
_aConsejo Nacional de Seguridad Social (República Dominicana) _963839 |
|
| 999 |
_c47210 _d47210 |
||